| 000 | 01208nam a2200277 i 4500 | ||
|---|---|---|---|
| 001 | 50412 | ||
| 003 | ES-MaACL | ||
| 005 | 20250406131258.0 | ||
| 007 | t| | ||
| 008 | 030804s1930 sp |||| | spa d | ||
| 080 | _a342.4(460)"1876" | ||
| 080 | _a94(460)"1923/30" | ||
| 100 | 1 |
_aQuadra Salcedo, Fernando de la, _d1889-1936 _941881 |
|
| 245 | 1 | 0 |
_aEspaña y su Constitución _b: conferencia anunciada en el Ateneo de Madrid para el día 13 de junio de 1930 y suspendida por orden gubernativa del mismo día / _cFernando de la Quadra Salcedo. |
| 260 |
_aMadrid : _b[s.n., _c1930] ( _fImp. Central) |
||
| 300 |
_a30 p. ; _c22 cm. |
||
| 610 | 1 | 4 |
_aEspaña. _tConstitución, 1876. _93655 |
| 610 | 2 | 4 |
_aAteneo de Madrid- _vConferencias- _y1900-1939 _91907 |
| 610 | 2 | 4 |
_aAteneo de Madrid- _vObras digitalizadas. _91930 |
| 651 | 4 |
_aEspaña- _xHistoria- _y1923-1930, Dictadura. _98281 |
|
| 852 |
_aES-MaACL _j1780-F-6 _9 52330 _cDEPOF _zRevisado enlace: 06 de Abril de 2025 |
||
| 852 |
_aES-MaACL _j1748-F-5 _cDEPOF _zRevisado enlace: 06 de Abril de 2025 |
||
| 856 |
_uhttp://www.ateneodemadrid.com/biblioteca_digital/folletos/Folletos-0174.pdf _yVer documento |
||
| 942 | _2udc | ||
| 999 |
_c50412 _d50412 |
||